[Event "UKR-ch (Women) 82nd"]
[Site "Poltava"]
[Date "2023.12.10"]
[Round "2"]
[White "Myronenko, Natalya"]
[Black "Tugaj, Polina"]
[Result "1/2-1/2"]
[WhiteElo "1821"]
[BlackElo "1286"]
[PlyCount "115"]
[EventDate "2023.12.09"]
[EventType "swiss"]
[EventRounds "9"]
[EventCountry "UKR"]
[SourceTitle "CB51_2023"]
[SourceDate "2023.12.20"]
[SourceVersion "1"]
[SourceVersionDate "2023.12.20"]
[SourceQuality "1"]

1. e4 e5 2. Bc4 Nf6 3. d3 Be7 4. Nf3 Nc6 5. c3 0-0 6. Nbd2 d5 7. Bb3 a5 8. 0-0 Bg4 9. h3 Bh5 10. Ba4 Na7 11. g4 dxe4 12. Nxe5 b5 13. gxh5 bxa4 14. Nxe4 Nxe4 15. dxe4 Bd6 16. Nc4 Nc6 17. Nxd6 cxd6 18. Bf4 Ne5 19. Bxe5 dxe5 20. Qe2 f5 21. Kh2 Qh4 22. Rae1 fxe4 23. Qxe4 Rxf2+ 24. Rxf2 Qxf2+ 25. Kh1 Rf8 26. Qd5+ Kh8 27. Qxe5 Qf3+ 28. Kh2 Qf2+ 29. Kh1 Qxb2 30. h6 Qb7+ 31. Re4 Qb1+ 32. Kh2 Qxa2+ 33. Re2 Qf7 34. hxg7+ Qxg7 35. Qxa5 a3 36. c4 Rg8 37. Qe5 Qxe5+ 38. Rxe5 Ra8 39. Re1 a2 40. Ra1 Kg7 41. Kg3 Kf6 42. Kf4 Ke6 43. Ke4 Kd6 44. Kd4 Kc6 45. Kc3 Kc5 46. Kb3 Rb8+ 47. Kxa2 Kxc4 48. Rc1+ Kd4 49. Rc7 h5 50. Re7 Rb5 51. Rh7 Ke4 52. Ka3 Kf4 53. Ka4 Rd5 54. Kb4 Kg5 55. Kc4 Rd8 56. Rf7 Kh4 57. Rf3 Rd1 58. Kc3 1/2-1/2

[Event "Online Olym Disabilities"]
[Site "Tornelo INT"]
[Date "2020.11.23"]
[Round "3.1"]
[White "Myronenko, Natalya"]
[Black "Stolarczyk, Anna"]
[Result "1/2-1/2"]
[WhiteElo "1830"]
[BlackElo "1909"]
[PlyCount "150"]
[EventDate "2020.11.21"]
[EventType "team-swiss (rapid)"]
[EventRounds "7"]
[EventCountry "NET"]
[SourceTitle "CBM 199 Extra"]
[Source "ChessBase"]
[SourceDate "2021.01.31"]
[SourceVersion "1"]
[SourceVersionDate "2021.01.31"]
[SourceQuality "1"]
[WhiteTeam "Ukraine II"]
[BlackTeam "Poland"]
[WhiteTeamCountry "UKR"]
[BlackTeamCountry "POL"]

1. e4 c5 2. Nf3 d6 3. c3 Nf6 4. h3 Bd7 5. Bd3 a6 6. 0-0 g6 7. Re1 e5 8. Bc2 Bg7 9. d4 Nc6 10. dxc5 dxc5 11. Qd6 Qe7 12. Qxe7+ Kxe7 13. Be3 b6 14. Na3 Be6 15. Ba4 Rac8 16. Ng5 Rhd8 17. Nxe6 Kxe6 18. Bb3+ Ke7 19. Nc4 Rb8 20. Nxb6 Nxe4 21. Nc4 Rbc8 22. f3 Nd6 23. Bxc5 Bf8 24. Bxd6+ Rxd6 25. Nxd6 Kxd6 26. Bxf7 a5 27. Rad1+ Kc7 28. Bg8 Bc5+ 29. Kh1 Rxg8 30. a3 Rb8 31. b4 axb4 32. axb4 Bf2 33. Re2 Bg3 34. Red2 Kb6 35. Rd5 Re8 36. c4 e4 37. fxe4 Rxe4 38. b5 Nb4 39. Rd7 Rxc4 40. Rxh7 Nd3 41. Rb1 Nf4 42. Rf7 Rc2 43. Rf6+ Kb7 44. Rf1 g5 45. Rf5 Bh4 46. Rf6 Rb2 47. Rh6 Bg3 48. Rh7+ Kb6 49. h4 gxh4 50. Rf7 Rb4 51. Ra1 Rxb5 52. Rf6+ Kc5 53. Rf5+ Nd5 54. Rc1+ Kd4 55. Rd1+ Ke4 56. Rfxd5 Rxd5 57. Rxd5 Kxd5 58. Kg1 Ke4 59. Kh1 Bf2 60. Kh2 Ke3 61. Kh1 Ke2 62. Kh2 Ke1 63. Kh1 Kf1 64. Kh2 Be1 65. Kh1 Kf2 66. Kh2 Bb4 67. Kh1 Kg3 68. Kg1 Bc5+ 69. Kh1 Bd6 70. Kg1 Bf4 71. Kh1 Kf2 72. g3 Kxg3 73. Kg1 Kh3 74. Kh1 Bg3 75. Kg1 Bf2+ 1/2-1/2

[Event "UKR-ch Silent (Women)"]
[Site "Kharkov"]
[Date "2019.04.11"]
[Round "6"]
[White "Myronenko, Natalya"]
[Black "Osipova, Aliona"]
[Result "1-0"]
[WhiteElo "1908"]
[BlackElo "1597"]
[PlyCount "35"]
[EventDate "2019.04.06"]
[EventType "tourn"]
[EventRounds "9"]
[EventCountry "UKR"]
[SourceTitle "EXT 2020"]
[Source "ChessBase"]
[SourceDate "2019.10.17"]
[SourceVersion "1"]
[SourceVersionDate "2019.10.17"]
[SourceQuality "1"]

1. e4 c5 2. Nf3 Nc6 3. d4 cxd4 4. Nxd4 g6 5. c4 Bg7 6. Be3 Nf6 7. Nc3 0-0 8. Be2 d6 9. 0-0 Bd7 10. Rc1 Ne5 11. f3 Nc6 12. Qd2 a5 13. Ndb5 Nb4 14. a3 Na6 15. Na4 Nb8 16. Bb6 Qc8 17. Bxa5 Qc5+ 18. Nxc5 1-0

[Event "Pomar Memorial op"]
[Site "Palma de Mallorca"]
[Date "2018.11.26"]
[Round "1"]
[White "Myronenko, Natalya"]
[Black "Szabo, Bence"]
[Result "0-1"]
[WhiteElo "1898"]
[BlackElo "2373"]
[PlyCount "88"]
[EventDate "2018.11.26"]
[EventType "swiss"]
[EventRounds "7"]
[EventCountry "ESP"]
[SourceTitle "EXT 2020"]
[Source "ChessBase"]
[SourceDate "2019.10.17"]
[SourceVersion "1"]
[SourceVersionDate "2019.10.17"]
[SourceQuality "1"]

1. e4 c5 2. Nf3 d6 3. d4 cxd4 4. Nxd4 Nf6 5. Nc3 Nc6 6. Be2 g6 7. 0-0 Bg7 8. Nb3 0-0 9. Kh1 Be6 10. f4 Qc8 11. Be3 Rd8 12. Nd4 Bg4 13. f5 Bxe2 14. Qxe2 Ne5 15. fxg6 hxg6 16. Nd5 Re8 17. Nxf6+ Bxf6 18. c3 Qc4 19. Qd2 Qd3 20. Qxd3 Nxd3 21. Rab1 a6 22. Nf3 Rac8 23. h3 Nc5 24. Bxc5 Rxc5 25. Rbe1 b5 26. Re2 Rb8 27. a3 a5 28. Rfe1 b4 29. axb4 axb4 30. cxb4 Rxb4 31. e5 dxe5 32. Nxe5 Rc7 33. Ng4 Bg5 34. Ne5 Kg7 35. Kg1 e6 36. Rd1 Bf6 37. Rdd2 Rc1+ 38. Kf2 Rb3 39. g3 Rb1 40. Nc4 Be7 41. h4 Bc5+ 42. Ne3 e5 43. Kf3 f5 44. Rc2 Bd4 0-1

[Event "Olympiad Women-43"]
[Site "Batumi"]
[Date "2018.09.25"]
[Round "2.10"]
[White "Nguyen, Thi Mai Hung"]
[Black "Myronenko, Natalya"]
[Result "1-0"]
[WhiteElo "2244"]
[BlackElo "1919"]
[PlyCount "57"]
[EventDate "2018.09.24"]
[EventType "team-swiss"]
[EventRounds "11"]
[EventCountry "GEO"]
[SourceTitle "EXT 2020"]
[Source "ChessBase"]
[SourceDate "2019.10.17"]
[SourceVersion "1"]
[SourceVersionDate "2019.10.17"]
[SourceQuality "1"]
[WhiteTeam "Vietnam (W)"]
[BlackTeam "ICCD (W)"]
[WhiteTeamCountry "VIE"]

1. d4 d5 2. c4 e6 3. Nc3 Nf6 4. Bg5 Be7 5. e3 b6 6. cxd5 Nxd5 7. Bxe7 Qxe7 8. Nxd5 exd5 9. Rc1 0-0 10. Bd3 Be6 11. Qc2 c6 12. Bxh7+ Kh8 13. Bd3 Rc8 14. Nf3 c5 15. 0-0 c4 16. Bf5 Nd7 17. Bxe6 fxe6 18. e4 Rf8 19. Rfe1 Qf6 20. Re3 Kg8 21. Rce1 b5 22. exd5 exd5 23. Ne5 Nxe5 24. Rxe5 Rad8 25. R1e3 Rd6 26. Rf3 Qh4 27. Rh3 Qxd4 28. Qh7+ Kf7 29. Rf3+ 1-0

[Event "Olympiad Women-42"]
[Site "Baku"]
[Date "2016.09.12"]
[Round "10.2"]
[White "Zhang, Jasmine Haomo"]
[Black "Myronenko, Natalya"]
[Result "1-0"]
[WhiteElo "1721"]
[BlackElo "1922"]
[PlyCount "147"]
[EventDate "2016.09.02"]
[EventType "team-swiss"]
[EventRounds "11"]
[EventCountry "AZE"]
[SourceTitle "CBM 174 Extra"]
[Source "ChessBase"]
[SourceDate "2016.10.10"]
[SourceVersion "1"]
[SourceVersionDate "2016.10.10"]
[SourceQuality "1"]
[WhiteTeam "New Zealand (W)"]
[BlackTeam "ICCD (W)"]
[WhiteTeamCountry "NZL"]

1. d4 d5 2. Nf3 Nf6 3. Bf4 c5 4. e3 Qb6 5. Qc1 Nc6 6. c3 Bf5 7. h3 h6 8. Nbd2 e6 9. dxc5 Bxc5 10. Nb3 Be7 11. Nbd4 Bh7 12. Be2 0-0 13. 0-0 Rac8 14. Ne5 Nxe5 15. Bxe5 Nd7 16. Bh2 Nc5 17. Rd1 Ne4 18. f3 Nc5 19. Qd2 Na4 20. Nb3 Bf6 21. Rac1 Bg5 22. f4 Bf6 23. Kf1 Be4 24. Bg1 Rfd8 25. Bg4 Qc6 26. Qe2 Qb6 27. Rd2 Rc7 28. Nd4 a6 29. Bf3 Nc5 30. Bf2 Rdc8 31. Bxe4 Nxe4 32. Rdc2 Rc4 33. Be1 Qa5 34. b3 R4c7 35. c4 Qb6 36. Qd3 Qd6 37. cxd5 Rxc2 38. Rxc2 Rxc2 39. Nxc2 Qxd5 40. Qxd5 exd5 41. Ke2 Kf8 42. Kf3 h5 43. Nb4 Bc3 44. Nxd5 Ng5+ 45. Ke2 Bxe1 46. Kxe1 Ne4 47. g4 hxg4 48. hxg4 Ke8 49. g5 Kd7 50. Nb4 a5 51. Nc2 Nc3 52. a4 b5 53. axb5 Nxb5 54. Kd2 Nd6 55. Kd3 Kc6 56. e4 Kc5 57. Nd4 Kb4 58. e5 Ne8 59. f5 a4 60. bxa4 Kxa4 61. Kc4 f6 62. gxf6 gxf6 63. e6 Ka3 64. Nb5+ Kb2 65. e7 Kc2 66. Kd5 Kd3 67. Nd6 Ng7 68. e8Q Nxe8 69. Nxe8 Ke3 70. Nxf6 Kf4 71. Ke6 Kg5 72. Ne4+ Kh6 73. f6 Kh7 74. Ke7 1-0

[Event "Olympiad Women-42"]
[Site "Baku"]
[Date "2016.09.09"]
[Round "7.3"]
[White "Myronenko, Natalya"]
[Black "Khamboo, Monalisa"]
[Result "1-0"]
[WhiteElo "1922"]
[BlackElo "1740"]
[PlyCount "61"]
[EventDate "2016.09.02"]
[EventType "team-swiss"]
[EventRounds "11"]
[EventCountry "AZE"]
[SourceTitle "CBM 174 Extra"]
[Source "ChessBase"]
[SourceDate "2016.10.10"]
[SourceVersion "1"]
[SourceVersionDate "2016.10.10"]
[SourceQuality "1"]
[WhiteTeam "ICCD (W)"]
[BlackTeam "Nepal (W)"]
[BlackTeamCountry "NEP"]

1. e4 c5 2. Nf3 d6 3. d4 cxd4 4. Nxd4 Nc6 5. Be2 Nf6 6. Nc3 a6 7. 0-0 e6 8. Be3 Be7 9. f4 0-0 10. Kh1 d5 11. exd5 Nxd5 12. Nxd5 exd5 13. c3 f5 14. Bf3 Bf6 15. Nb3 Ne7 16. Bc5 Be6 17. Re1 Bf7 18. Nd4 g6 19. Ne6 Bxe6 20. Rxe6 Qd7 21. Rd6 Qc7 22. Bxd5+ Kg7 23. Ba3 Nxd5 24. Qxd5 Rfd8 25. Rd1 Rxd6 26. Bxd6 Qb6 27. Be5 Rf8 28. b3 Rf7 29. c4 Qf2 30. Bxf6+ Kxf6 31. Qe5# 1-0

[Event "W-ch Disabled"]
[Site "Dresden"]
[Date "2015.10.21"]
[Round "4"]
[White "Myronenko, Natalya"]
[Black "Gedgafov, Chamal"]
[Result "1/2-1/2"]
[WhiteElo "1901"]
[BlackElo "2243"]
[PlyCount "115"]
[EventDate "2015.10.18"]
[EventType "swiss"]
[EventRounds "7"]
[EventCountry "GER"]
[SourceTitle "CBM 168 Extra"]
[Source "ChessBase"]
[SourceDate "2015.10.29"]
[SourceVersion "1"]
[SourceVersionDate "2015.10.29"]
[SourceQuality "1"]

1. e4 e6 2. d4 d5 3. exd5 exd5 4. Bd3 g6 5. Nf3 Bg7 6. c3 Ne7 7. Bf4 0-0 8. 0-0 Re8 9. Nbd2 Bf5 10. Qc2 Nd7 11. Rfe1 Nf6 12. Ne5 Nh5 13. Bg3 Nxg3 14. hxg3 Be6 15. Re2 f6 16. Nef3 Qd7 17. Rae1 Bf7 18. Nh4 Rad8 19. Nf1 Nc8 20. Nh2 Nd6 21. b3 b6 22. f3 Rxe2 23. Rxe2 Re8 24. g4 c5 25. Nf1 cxd4 26. cxd4 Rxe2 27. Bxe2 f5 28. Qd3 Qe7 29. g3 Qf6 30. gxf5 Qxd4+ 31. Ne3 gxf5 32. Kg2 f4 33. Nef5 Qxd3 34. Bxd3 Nxf5 35. Nxf5 fxg3 36. Kxg3 Be5+ 37. f4 Bg7 38. Kf3 Bf8 39. Nd4 Bc5 40. Nc2 Kg7 41. b4 Bh5+ 42. Kg3 Bd6 43. a3 Bg6 44. Bxg6 Kxg6 45. Nd4 a5 46. bxa5 bxa5 47. a4 Bc5 48. Nc6 d4 49. Nxa5 d3 50. Kf3 Kf5 51. Nc6 h5 52. Ne5 d2 53. Ke2 Be3 54. Nc4 Bxf4 55. Nxd2 Kg4 56. Nf1 Bc7 57. Kf2 Kh3 58. Kg1 1/2-1/2

[Event "Olympiad Women-41"]
[Site "Tromsoe"]
[Date "2014.08.10"]
[Round "8.3"]
[White "Myronenko, Natalya"]
[Black "Movsesian, Julia"]
[Result "0-1"]
[WhiteElo "1942"]
[BlackElo "2338"]
[PlyCount "130"]
[EventDate "2014.08.02"]
[EventType "team-swiss"]
[EventRounds "11"]
[EventCountry "NOR"]
[SourceTitle "CBM 162"]
[Source "ChessBase"]
[SourceDate "2014.09.17"]
[SourceVersion "1"]
[SourceVersionDate "2014.09.17"]
[SourceQuality "1"]
[WhiteTeam "ICCD (W)"]
[BlackTeam "Slovakia (W)"]
[BlackTeamCountry "SVK"]

1. e4 d6 2. d4 Nf6 3. Bd3 e5 4. Nf3 Nbd7 5. c3 Be7 6. Nbd2 0-0 7. 0-0 c6 8. dxe5 Nxe5 9. Nxe5 dxe5 10. Nc4 Nd7 11. Bc2 Qc7 12. Qf3 Nb6 13. Ne3 Be6 14. Nf5 Bf6 15. Qg3 Bxf5 16. exf5 Qe7 17. Bb3 Nc8 18. Be3 b6 19. Qf3 Qc7 20. Qg4 Nd6 21. Rad1 Rad8 22. Bh6 Kh8 23. Bg5 Qe7 24. Bxf6 Qxf6 25. Qa4 Nxf5 26. Rxd8 Qxd8 27. Qxc6 h6 28. Qe4 Qf6 29. Re1 Nd6 30. Qxe5 Re8 31. Qxe8+ Nxe8 32. Rxe8+ Kh7 33. Bc2+ g6 34. Bb3 Kg7 35. g3 Qd6 36. Ra8 Qd7 37. h3 b5 38. h4 Qc7 39. Re8 a5 40. Re3 Qd7 41. Bc2 Qd2 42. Be4 Qxb2 43. Bd5 Qd2 44. c4 Kf8 45. a3 Qc1+ 46. Kg2 bxc4 47. Rf3 f5 48. h5 gxh5 49. Rxf5+ Ke7 50. Rxh5 c3 51. Be4 Qxa3 52. Rxh6 Qb4 53. Rh7+ Kf6 54. Rh4 a4 55. Bc2 Qxh4 56. gxh4 a3 57. Bb3 a2 58. Bxa2 c2 59. Bd5 c1Q 60. Bf3 Qf4 61. h5 Ke5 62. Be2 Kd4 63. Kf1 Kc3 64. Kg2 Kd2 65. Kf1 Qe4 0-1

[Event "Olympiad Women-41"]
[Site "Tromsoe"]
[Date "2014.08.09"]
[Round "7.3"]
[White "Latreche, Sabrina"]
[Black "Myronenko, Natalya"]
[Result "1-0"]
[WhiteElo "1972"]
[BlackElo "1942"]
[PlyCount "103"]
[EventDate "2014.08.02"]
[EventType "team-swiss"]
[EventRounds "11"]
[EventCountry "NOR"]
[SourceTitle "CBM 162"]
[Source "ChessBase"]
[SourceDate "2014.09.17"]
[SourceVersion "1"]
[SourceVersionDate "2014.09.17"]
[SourceQuality "1"]
[WhiteTeam "Algeria (W)"]
[BlackTeam "ICCD (W)"]
[WhiteTeamCountry "ALG"]

1. e4 e5 2. Nf3 Nc6 3. Bc4 Nf6 4. Ng5 d5 5. exd5 Nxd5 6. Qf3 Qxg5 7. Bxd5 Qg6 8. c3 Bf5 9. d3 0-0-0 10. Be3 Bxd3 11. Bxf7 Qd6 12. Nd2 Be7 13. Qg4+ Kb8 14. Qxg7 e4 15. Qh6 Bf6 16. Qf4 Be5 17. Qh6 Bf6 18. Qf4 Be5 19. Qh4 Bf6 20. Qf4 Be5 21. Qh4 Bf6 22. Qf4 Be5 23. Qf5 Qf8 24. Be6 Qd6 25. Nc4 Qe7 26. Nxe5 Nxe5 27. Bg5 Qg7 28. Qf6 Qf8 29. Qxe5 Re8 30. Qf6 Qc5 31. Bf7 Ref8 32. Bh6 Rd8 33. Bg7 Rhf8 34. Bxf8 Rxf8 35. 0-0-0 a5 36. Rhe1 a4 37. Rxd3 exd3 38. Re8+ Rxe8 39. Bxe8 Qd5 40. Qd4 Qxa2 41. Qxd3 a3 42. bxa3 Qxa3+ 43. Kd2 Qa2+ 44. Ke1 Qa1+ 45. Ke2 Qb2+ 46. Kf3 h6 47. Qd8+ Ka7 48. Qxc7 Qa3 49. Qg7 Qa6 50. Qd4+ Kb8 51. h4 Ka8 52. Qa4 1-0

[Event "Olympiad Women-40"]
[Site "Istanbul"]
[Date "2012.09.05"]
[Round "8.4"]
[White "Myronenko, Natalya"]
[Black "Al Khelaifi, Kholoud"]
[Result "1-0"]
[WhiteElo "1891"]
[BlackElo "1498"]
[PlyCount "59"]
[EventDate "2012.08.28"]
[EventType "team-swiss"]
[EventRounds "11"]
[EventCountry "TUR"]
[SourceTitle "CBM 150 Extra"]
[Source "ChessBase"]
[SourceDate "2012.10.19"]
[SourceVersion "1"]
[SourceVersionDate "2012.10.19"]
[SourceQuality "1"]
[WhiteTeam "ICSC (W)"]
[BlackTeam "Qatar (W)"]
[BlackTeamCountry "QAT"]

1. e4 e5 2. Nf3 Nc6 3. Bc4 Bc5 4. c3 Nf6 5. d3 a6 6. Bb3 d6 7. 0-0 0-0 8. Nbd2 Ba7 9. Bc2 Kh8 10. Nc4 Ng8 11. Ne3 Nce7 12. d4 Ng6 13. Nf5 N8e7 14. dxe5 Nxf5 15. exf5 Nxe5 16. Nxe5 dxe5 17. Be3 Qf6 18. Qh5 Bxe3 19. fxe3 Qb6 20. Kh1 Qxb2 21. Bb3 f6 22. Rad1 Qxc3 23. Rf3 c5 24. Rh3 h6 25. e4 Qa5 26. Qg6 Qc7 27. Rxh6+ gxh6 28. Qxh6+ Qh7 29. Qxf8+ Qg8 30. Qxg8# 1-0

[Event "UKR-ch (Women)"]
[Site "Poltava"]
[Date "2011.10.12"]
[Round "6"]
[White "Bogdan, Darya"]
[Black "Myronenko, Natalya"]
[Result "1-0"]
[WhiteElo "1920"]
[BlackElo "1928"]
[PlyCount "75"]
[EventDate "2011.10.07"]
[EventType "swiss"]
[EventRounds "9"]
[EventCountry "UKR"]
[SourceTitle "CBM 144 Extra"]
[Source "ChessBase"]
[SourceDate "2011.10.28"]
[SourceVersion "1"]
[SourceVersionDate "2011.10.28"]
[SourceQuality "1"]

1. e4 e5 2. Nf3 Nc6 3. Bc4 Bc5 4. c3 Nf6 5. d4 exd4 6. e5 Ne4 7. cxd4 Bb4+ 8. Bd2 Nxd2 9. Nbxd2 d5 10. Bb5 0-0 11. Bxc6 bxc6 12. 0-0 Qe7 13. a3 Ba5 14. Nb3 Bb6 15. Rc1 Bd7 16. Nc5 Bxc5 17. Rxc5 Rfb8 18. Qc2 Rb6 19. b4 g6 20. Rc1 a6 21. Nd2 Ra7 22. Nb3 Qg5 23. Qc3 Rb5 24. Na5 Rxc5 25. Qxc5 Bh3 26. g3 Qd2 27. Nxc6 Rb7 28. Ne7+ Kg7 29. Nxd5 a5 30. Qc3 Qg5 31. Nf4 Bf5 32. bxa5 h5 33. d5 Kh6 34. e6 Kh7 35. Qc6 Ra7 36. exf7 Qe7 37. Qe8 Qxa3 38. Qg8+ 1-0

[Event "UKR-ch (Women)"]
[Site "Poltava"]
[Date "2011.10.08"]
[Round "2"]
[White "Cherednichenko, Svetlana"]
[Black "Myronenko, Natalya"]
[Result "1-0"]
[WhiteElo "2283"]
[BlackElo "1928"]
[PlyCount "83"]
[EventDate "2011.10.07"]
[EventType "swiss"]
[EventRounds "9"]
[EventCountry "UKR"]
[SourceTitle "CBM 144 Extra"]
[Source "ChessBase"]
[SourceDate "2011.10.28"]
[SourceVersion "1"]
[SourceVersionDate "2011.10.28"]
[SourceQuality "1"]

1. d4 Nf6 2. Nf3 e6 3. e3 b6 4. Bd3 Bb7 5. 0-0 c5 6. b3 cxd4 7. exd4 Nc6 8. Bb2 Nb4 9. Be2 Rc8 10. c4 d5 11. Ne5 Be7 12. Nd2 0-0 13. f4 dxc4 14. bxc4 b5 15. c5 Nbd5 16. Qb3 b4 17. Rac1 Nc3 18. Bxc3 bxc3 19. Qxc3 Ne4 20. Nxe4 Bxe4 21. Bf3 Bxf3 22. Rxf3 Qd5 23. Qc4 Rfd8 24. Qxd5 Rxd5 25. Rd3 f6 26. Nc4 Bxc5 27. Ne3 Rdd8 28. Rdc3 Bxd4 29. Rxc8 Bxe3+ 30. Kf1 Bxc1 31. Rxd8+ Kf7 32. Rd7+ Kg6 33. Rxa7 Bxf4 34. g3 Be3 35. Rd7 e5 36. a4 Kh6 37. a5 g5 38. a6 Kg6 39. g4 h5 40. h3 hxg4 41. hxg4 Bc5 42. a7 1-0

[Event "UKR-ch (Women)"]
[Site "Poltava"]
[Date "2011.10.07"]
[Round "1"]
[White "Myronenko, Natalya"]
[Black "Goreskul, Alyona"]
[Result "0-1"]
[WhiteElo "1928"]
[BlackElo "2199"]
[PlyCount "58"]
[EventDate "2011.10.07"]
[EventType "swiss"]
[EventRounds "9"]
[EventCountry "UKR"]
[SourceTitle "CBM 144 Extra"]
[Source "ChessBase"]
[SourceDate "2011.10.28"]
[SourceVersion "1"]
[SourceVersionDate "2011.10.28"]
[SourceQuality "1"]

1. e4 e5 2. Bc4 Nf6 3. d3 Bc5 4. Nf3 Nc6 5. 0-0 d6 6. c3 Bb6 7. Bb3 h6 8. Nbd2 Ne7 9. Re1 Ng6 10. Nf1 0-0 11. d4 Bg4 12. Ng3 Qc8 13. Be3 Nh4 14. dxe5 Bxf3 15. Qxf3 Nxf3+ 16. gxf3 dxe5 17. Nf5 Kh7 18. Kf1 g6 19. Bxb6 axb6 20. Ne3 Nh5 21. Ke2 Nf4+ 22. Kf1 Qh3+ 23. Kg1 Qxf3 24. h4 Nh3+ 25. Kh2 Nxf2 26. Ng2 Ng4+ 27. Kg1 Qf2+ 28. Kh1 Qg3 29. Kg1 Qh2+ 0-1

[Event "Yuzhny op"]
[Site "Yuzhny"]
[Date "2011.09.05"]
[Round "5"]
[White "Gavriliuk, Alexandr"]
[Black "Myronenko, Natalya"]
[Result "1-0"]
[WhiteElo "1864"]
[BlackElo "1928"]
[PlyCount "37"]
[EventDate "2011.09.03"]
[EventType "swiss"]
[EventRounds "9"]
[EventCountry "UKR"]
[SourceTitle "CBM 144 Extra"]
[Source "ChessBase"]
[SourceDate "2011.10.28"]
[SourceVersion "1"]
[SourceVersionDate "2011.10.28"]
[SourceQuality "1"]

1. d4 d5 2. Nf3 e6 3. Nbd2 Nf6 4. e3 b6 5. Bd3 Bb7 6. Qe2 c5 7. c3 Nbd7 8. e4 dxe4 9. Nxe4 Nxe4 10. Bxe4 Bxe4 11. Qxe4 Nf6 12. Qc6+ Nd7 13. Bg5 Be7 14. Bxe7 Kxe7 15. 0-0 cxd4 16. Nxd4 Qc8 17. Qe4 Nf6 18. Nc6+ Kf8 19. Qb4+ 1-0

[Event "Olympiad Women-39"]
[Site "Khanty-Mansiysk"]
[Date "2010.09.30"]
[Round "9.33"]
[White "Myronenko, Natalya"]
[Black "Nikolovska, Dragana"]
[Result "1-0"]
[WhiteElo "1945"]
[BlackElo "1752"]
[PlyCount "109"]
[EventDate "2010.09.21"]
[EventType "team-swiss"]
[EventRounds "11"]
[EventCountry "RUS"]
[SourceTitle "CBM 139"]
[Source "ChessBase"]
[SourceDate "2010.11.18"]
[SourceVersion "1"]
[SourceVersionDate "2010.11.18"]
[SourceQuality "1"]
[WhiteTeam "ISCA (W)"]
[BlackTeam "Macedonia (W)"]
[BlackTeamCountry "MKD"]

1. e4 c5 2. Nf3 d6 3. d4 cxd4 4. Nxd4 Nf6 5. Nc3 g6 6. Be2 Bg7 7. 0-0 0-0 8. Re1 Nc6 9. Nb3 a6 10. Bf1 b5 11. Bg5 h6 12. Bh4 Be6 13. Nd5 Nd7 14. c3 Nb6 15. f4 Rb8 16. Rb1 Qd7 17. Kh1 Nc4 18. Nd4 Bxd5 19. exd5 Nxd4 20. cxd4 Rfe8 21. Bd3 Nb6 22. Be4 Rbc8 23. b3 Qb7 24. f5 g5 25. Bf2 Rc3 26. f6 Bxf6 27. Qg4 Qc8 28. Bf5 Qc7 29. Qh5 Bg7 30. h4 Nxd5 31. Be6 Nf6 32. Bxf7+ Kh8 33. Qg6 Rf8 34. hxg5 hxg5 35. Be6 Nh7 36. Bf5 Rxf5 37. Qxf5 Rc2 38. a4 b4 39. Rxe7 Qxe7 40. Qxc2 Qe6 41. Re1 Qh6+ 42. Kg1 Nf6 43. Re6 g4 44. Rxd6 Qf4 45. Rd8+ Ng8 46. Qc4 Bf8 47. d5 Qf5 48. Bd4+ Bg7 49. d6 Qb1+ 50. Kh2 g3+ 51. Kxg3 Qe1+ 52. Kf3 Qd1+ 53. Kf4 Qd2+ 54. Kf5 Qxd4 55. Qxg8# 1-0